99 test equipment projects you can build / (Record no. 182476)
[ view plain ]
| 000 -LEADER | |
|---|---|
| fixed length control field | 01022 a2200205 4500 |
| 003 - CONTROL NUMBER IDENTIFIER | |
| control field | Nust |
| 005 - DATE AND TIME OF LATEST TRANSACTION | |
| control field | 20221206123657.0 |
| 010 ## - LIBRARY OF CONGRESS CONTROL NUMBER | |
| LC control number | 79018223 |
| 020 ## - INTERNATIONAL STANDARD BOOK NUMBER | |
| International Standard Book Number | 0830697497 : |
| 020 ## - INTERNATIONAL STANDARD BOOK NUMBER | |
| International Standard Book Number | 0830697499 (pbk.) : |
| 040 ## - CATALOGING SOURCE | |
| Transcribing agency | Nust |
| 082 00 - DEWEY DECIMAL CLASSIFICATION NUMBER | |
| Classification number | 621.381548,TES |
| 245 00 - TITLE STATEMENT | |
| Title | 99 test equipment projects you can build / |
| Statement of responsibility, etc. | by the editors of 73 magazine. |
| 250 ## - EDITION STATEMENT | |
| Edition statement | 1st ed. |
| 260 ## - PUBLICATION, DISTRIBUTION, ETC. | |
| Place of publication, distribution, etc. | Blue Ridge Summit, Pa. : |
| Name of publisher, distributor, etc. | Tab Books, |
| Date of publication, distribution, etc. | c1979. |
| 300 ## - PHYSICAL DESCRIPTION | |
| Extent | 378 p. : |
| Other physical details | ill. ; |
| Dimensions | 22 cm. |
| 505 ## - FORMATTED CONTENTS NOTE | |
| Formatted contents note | How to Build and use Test Gear (Page-9), Cheap-N- Handy-Dandy Testers (Page-33), Voltmeters and Ammeters (Page-53), Capacitance Meters (Page-69), Resistance and Impedance Measures (Page-103), Testers for Solid State Components (Page-117), Digital Voltmeters (Page-151), Calibrators and Frequency Standards (Page-177), Signal Generators (Page-203), Frequency Counters (Page-253), Oscilloscopes (Page-319), RF Test Equipment (Page-335), Bench and Lab Supplies (Page-355). |
| 650 #0 - SUBJECT ADDED ENTRY--TOPICAL TERM | |
| Topical term or geographic name entry element | Telecommunication Engineering. |
| 942 ## - ADDED ENTRY ELEMENTS (KOHA) | |
| Source of classification or shelving scheme | |
| Koha item type | Book |
| Withdrawn status | Lost status | Source of classification or shelving scheme | Damaged status | Not for loan | Permanent Location | Current Location | Shelving location | Date acquired | Full call number | Barcode | Date last seen | Price effective from | Koha item type | Public note |
|---|---|---|---|---|---|---|---|---|---|---|---|---|---|---|
| Military College of Signals (MCS) | Military College of Signals (MCS) | General Stacks | 12/12/2016 | 621.381548,TES | MCS6846 | 12/08/2016 | 12/12/2016 | Book | Almirah No.34, Shelf No.6 |
